[Event "European Women-ch 2023"]
[Site "Petrovac"]
[Date "2023.03.25"]
[Round "7.26"]
[White "Makka, Ioulia"]
[Black "Lehaci, Miruna-Daria"]
[Result "0-1"]
[WhiteElo "1949"]
[BlackElo "2202"]
[Annotator "TA"]
[PlyCount "98"]
[EventDate "2023.03.15"]
[EventType "swiss"]
[EventCountry "MNE"]
[SourceTitle "playchess.com"]
[Source "ChessBase"]
[SourceQuality "1"]

1. e4 c5 2. Nc3 Nc6 3. Bb5 Nd4 4. Bc4 e6 5. Nge2 a6 6. Nxd4 cxd4 7. Ne2 b5 8. Bb3 d3 9. cxd3 Bb7 10. O-O Nf6 11. e5 Nd5 12. d4 Qg5 13. f4 Qh4 14. d3 Be7 15. Nc3 Nc7 16. Ne4 f5 17. Ng3 h5 18. Bd2 Nd5 19. Qe2 Rh6 20. Bd1 Bd8 21. Qf2 Bb6 22. Be1 Nxf4 23. Qxf4 Bxd4+ 24. Kh1 Qxf4 25. Rxf4 Bxb2 26. Rb1 Bxe5 27. Rh4 g6 28. Bd2 Rh8 29. Bg5 Kf7 30. Rhb4 Rhc8 31. Ne2 Bd5 32. a4 Bd6 33. R4b2 b4 34. a5 Rab8 35. Bd2 b3 36. Be3 Ba3 37. Nf4 Bxb2 38. Rxb2 Rb5 39. Bd2 Rcb8 40. Nxd5 Rxd5 41. Bf4 Rb4 42. g3 Rxd3 43. Be2 Rd5 44. Bc7 Rc5 45. Bd6 Rc1+ 46. Kg2 Rc2 47. Rb1 Rxe2+ 48. Kf1 Ree4 49. Bxb4 Rxb4 0-1

[Event "European Women-ch 2023"]
[Site "Petrovac"]
[Date "2023.03.25"]
[Round "7.27"]
[White "Lach, Aleksandra"]
[Black "Golsta, Ramona"]
[Result "1/2-1/2"]
[WhiteElo "2170"]
[BlackElo "1760"]
[Annotator "TA"]
[PlyCount "99"]
[EventDate "2023.03.15"]
[EventType "swiss"]
[EventCountry "MNE"]
[SourceTitle "playchess.com"]
[Source "ChessBase"]
[SourceQuality "1"]

1. e4 c5 2. Nc3 Nc6 3. Bb5 Nd4 4. Nf3 e6 5. O-O a6 6. Bd3 Nc6 7. b3 g6 8. Bb2 Bg7 9. Qc1 d6 10. Nd5 e5 11. c3 Nge7 12. Nxe7 Qxe7 13. Bc4 O-O 14. d3 Be6 15. Bd5 f5 16. Qg5 Rae8 17. Qxe7 Rxe7 18. Bxc6 bxc6 19. Rad1 a5 20. Ng5 Bd7 21. exf5 gxf5 22. Rfe1 h6 23. Nf3 a4 24. b4 cxb4 25. cxb4 a3 26. Bc1 Rb8 27. Nd2 Be6 28. Nc4 Rd7 29. Bxa3 Ra8 30. Na5 Bxa2 31. Ra1 Bd5 32. Bb2 Bf6 33. f4 Rg7 34. g3 Re7 35. Rac1 Ra6 36. Kf2 Kf7 37. fxe5 Bxe5 38. Bxe5 Rxe5 39. d4 Re4 40. Rxe4 Bxe4 41. Ke3 Ke6 42. g4 Bd5 43. gxf5+ Kxf5 44. Rf1+ Ke6 45. Rg1 Rb6 46. Rg6+ Kd7 47. Rg7+ Kc8 48. Rg6 Kd7 49. Rg7+ Kc8 50. Rg6 1/2-1/2

[Event "European Women-ch 2023"]
[Site "Petrovac"]
[Date "2023.03.25"]
[Round "7.28"]
[White "Kobak, Polina"]
[Black "Shpanko, Nadiia"]
[Result "1/2-1/2"]
[WhiteElo "1815"]
[BlackElo "2164"]
[Annotator "TA"]
[PlyCount "105"]
[EventDate "2023.03.15"]
[EventType "swiss"]
[EventCountry "MNE"]
[SourceTitle "playchess.com"]
[Source "ChessBase"]
[SourceQuality "1"]

1. d4 Nf6 2. c4 e6 3. Nf3 d5 4. g3 Bb4+ 5. Bd2 Be7 6. Bg2 O-O 7. O-O c6 8. Qc2 Nbd7 9. Bf4 b6 10. Rd1 Ba6 11. b3 Rc8 12. Nc3 Nh5 13. Bc1 Qc7 14. Bb2 dxc4 15. Nd2 cxb3 16. axb3 Nb8 17. e4 Nf6 18. Ra2 Rcd8 19. Nf3 Qc8 20. Qb1 c5 21. Rc1 Qd7 22. d5 exd5 23. Ne5 Qd6 24. Nxd5 Nxd5 25. exd5 Bf6 26. f4 Rfe8 27. Qa1 b5 28. Nc6 Bxb2 29. Qxb2 Rd7 30. Qa1 Bb7 31. Ne5 Rc7 32. Rxa7 f6 33. Nc6 Nxc6 34. dxc6 Bxc6 35. Rxc7 Qxc7 36. Rxc5 Qb6 37. b4 Bxg2 38. Qa2+ Kf8 39. Kxg2 Qb7+ 40. Qd5 Re2+ 41. Kh3 Qxd5 42. Rxd5 Rb2 43. Rxb5 g6 44. Rb8+ Kg7 45. Rb7+ Kg8 46. g4 g5 47. f5 Rb3+ 48. Kg2 Rb2+ 49. Kg3 Rb3+ 50. Kf2 Rb2+ 51. Kg3 Rb3+ 52. Kf2 Rb2+ 53. Kg3 1/2-1/2

[Event "European Women-ch 2023"]
[Site "Petrovac"]
[Date "2023.03.26"]
[Round "8.1"]
[White "Kiolbasa, Oliwia"]
[Black "Arabidze, Meri"]
[Result "0-1"]
[WhiteElo "2406"]
[BlackElo "2433"]
[Annotator "TA"]
[PlyCount "144"]
[EventDate "2023.03.15"]
[EventType "swiss"]
[EventCountry "MNE"]
[SourceTitle "playchess.com"]
[Source "ChessBase"]
[SourceQuality "1"]

1. e4 e5 2. Nf3 Nc6 3. Bb5 a6 4. Ba4 Nf6 5. O-O Be7 6. Re1 b5 7. Bb3 d6 8. c3 O-O 9. h3 Na5 10. Bc2 c5 11. d4 Qc7 12. Nbd2 cxd4 13. cxd4 Nc6 14. Nb3 a5 15. Be3 a4 16. Nc1 Be6 17. a3 Na5 18. d5 Bd7 19. Na2 Nc4 20. Bc1 Rfc8 21. Nb4 Qb7 22. Nd2 Na5 23. Nf1 Bd8 24. Rb1 Bb6 25. Bg5 Ne8 26. Nd2 Nc7 27. Bd3 Na6 28. Nxa6 Qxa6 29. Qf3 Bc5 30. Qg3 Kh8 31. Kh1 f6 32. Be3 Qb6 33. f4 b4 34. fxe5 dxe5 35. Qf3 Rab8 36. Kh2 Bxe3 37. Rxe3 Qd4 38. Qe2 Qc5 39. Rf3 Rc7 40. Qd1 Qd4 41. Bc2 b3 42. Bd3 Nb7 43. Rg3 Nd6 44. Nf3 Qf2 45. Ng1 Qf4 46. Ne2 Qh4 47. Nc3 Rxc3 48. bxc3 Nxe4 49. Bxe4 Qxe4 50. Rb2 Qc4 51. Rd3 Qc5 52. Qg1 Qxa3 53. Qa7 Qd6 54. c4 Rc8 55. Rc3 h6 56. Rd2 Rc5 57. Kh1 Kh7 58. Re2 f5 59. Qb7 e4 60. Re1 Be8 61. Rce3 Rxc4 62. g4 Rc2 63. R1e2 Rxe2 64. Rxe2 Qg3 65. Rg2 Qxh3+ 66. Kg1 Qe3+ 67. Kh2 Qf4+ 68. Kg1 fxg4 69. Qe7 g3 70. Qc5 Qf3 71. Rb2 e3 72. Qc3 a3 0-1

[Event "European Women-ch 2023"]
[Site "Petrovac"]
[Date "2023.03.26"]
[Round "8.1"]
[White "Tsolakidou, Stavroula"]
[Black "Kubicka, Anna"]
[Result "1-0"]
[WhiteElo "2358"]
[BlackElo "2211"]
[Annotator "TA"]
[PlyCount "95"]
[EventDate "2023.03.15"]
[EventType "swiss"]
[EventCountry "MNE"]
[SourceTitle "playchess.com"]
[Source "ChessBase"]
[SourceQuality "1"]

1. d4 Nf6 2. c4 e6 3. g3 Bb4+ 4. Nd2 c5 5. a3 Bxd2+ 6. Qxd2 cxd4 7. Nf3 Nc6 8. Nxd4 Qb6 9. Nf3 e5 10. Bg2 O-O 11. O-O d6 12. Qc2 Be6 13. Be3 Qc7 14. Rac1 h6 15. b4 Rac8 16. Qb2 b6 17. Rfd1 Ng4 18. Bd2 f5 19. b5 Nd8 20. Bb4 Nb7 21. h3 Nf6 22. Bxd6 Nxd6 23. Qxe5 Bxc4 24. Rxd6 Rfe8 25. Qd4 Qc5 26. Rc6 Rxc6 27. bxc6 Qxd4 28. Nxd4 b5 29. Nxf5 Kf8 30. Nd6 Re7 31. Nxc4 bxc4 32. Rxc4 Rc7 33. e4 Ke7 34. e5 Nd7 35. f4 Nb6 36. Rb4 Ke6 37. a4 g5 38. a5 Nd5 39. Rb5 Ne7 40. Rb7 Rc8 41. Bf3 h5 42. Bxh5 Rxc6 43. Bg4+ Kf7 44. f5 Kf8 45. f6 Nd5 46. e6 Rc1+ 47. Kf2 Rc2+ 48. Ke1 1-0

[Event "European Women-ch 2023"]
[Site "Petrovac"]
[Date "2023.03.26"]
[Round "8.1"]
[White "Aydin, Gulenay"]
[Black "Mayrhuber, Nikola"]
[Result "1/2-1/2"]
[WhiteElo "2039"]
[BlackElo "2162"]
[Annotator "TA"]
[PlyCount "109"]
[EventDate "2023.03.15"]
[EventType "swiss"]
[EventCountry "MNE"]
[SourceTitle "playchess.com"]
[Source "ChessBase"]
[SourceQuality "1"]

1. e4 c5 2. Nc3 a6 3. g3 Nc6 4. Bg2 g6 5. d3 Bg7 6. Be3 Nd4 7. Nge2 e6 8. Qd2 Ne7 9. O-O O-O 10. Nd1 d5 11. c3 Nxe2+ 12. Qxe2 d4 13. Bd2 Qd6 14. f4 e5 15. Nf2 Nc6 16. c4 b5 17. b3 b4 18. f5 a5 19. Ng4 f6 20. h4 a4 21. Bh3 Rf7 22. Nh6+ Bxh6 23. Bxh6 Rfa7 24. Rab1 axb3 25. axb3 Ra2 26. Qd1 Kh8 27. Bg4 gxf5 28. Bxf5 Bxf5 29. Rxf5 Ne7 30. Rf1 Qe6 31. Qf3 Ng8 32. Bc1 R8a7 33. Rf2 Rxf2 34. Qxf2 Qg4 35. Bb2 Rg7 36. Kh2 Nh6 37. Bc1 Nf7 38. Ra1 h5 39. Bd2 f5 40. Ra8+ Kh7 41. Qxf5+ Qxf5 42. exf5 Nd6 43. f6 Rf7 44. Bg5 e4 45. dxe4 Nxe4 46. Re8 Nxf6 47. Bxf6 Rxf6 48. Re5 Rd6 49. Re2 Kg6 50. Kg2 Kf5 51. Kf3 Re6 52. Rxe6 Kxe6 53. Ke4 Kf6 54. Kf4 Ke6 55. Ke4 1/2-1/2

[Event "European Women-ch 2023"]
[Site "Petrovac"]
[Date "2023.03.26"]
[Round "8.2"]
[White "Maltsevskaya, Aleksandra"]
[Black "Osmak, Yuliia"]
[Result "1-0"]
[WhiteElo "2388"]
[BlackElo "2445"]
[Annotator "TA"]
[PlyCount "73"]
[EventDate "2023.03.15"]
[EventType "swiss"]
[EventCountry "MNE"]
[SourceTitle "playchess.com"]
[Source "ChessBase"]
[SourceQuality "1"]

1. c4 e5 2. Nc3 Bb4 3. Qb3 Nc6 4. e3 Nf6 5. Nge2 O-O 6. a3 Ba5 7. Qc2 d5 8. b4 d4 9. Nd5 Nxd5 10. cxd5 Bb6 11. dxc6 d3 12. Qc3 Re8 13. Bb2 dxe2 14. Bxe2 Qg5 15. Bf3 e4 16. h4 Qh6 17. Be2 Re6 18. cxb7 Bxb7 19. g4 Qf6 20. Qxf6 gxf6 21. g5 fxg5 22. hxg5 Rd6 23. Bg4 Bc8 24. Bxc8 Rxc8 25. Rh4 Rg6 26. Ke2 Rxg5 27. Rah1 Rf8 28. Rxh7 f6 29. Re7 Rg4 30. Rh6 Rf7 31. Rh8+ Kg7 32. Rh7+ Kxh7 33. Rxf7+ Kg6 34. Rxf6+ Kg5 35. Rc6 Rg1 36. a4 Rb1 37. Bc3 1-0

[Event "European Women-ch 2023"]
[Site "Petrovac"]
[Date "2023.03.26"]
[Round "8.2"]
[White "Zaksaite, Salomeja"]
[Black "Gaponenko, Inna"]
[Result "1/2-1/2"]
[WhiteElo "2187"]
[BlackElo "2349"]
[Annotator "TA"]
[PlyCount "67"]
[EventDate "2023.03.15"]
[EventType "swiss"]
[EventCountry "MNE"]
[SourceTitle "playchess.com"]
[Source "ChessBase"]
[SourceQuality "1"]

1. e4 c5 2. Nf3 d6 3. d4 cxd4 4. Nxd4 Nf6 5. Nc3 Nc6 6. Be2 e5 7. Nb3 Be7 8. g4 h6 9. Be3 Be6 10. Bf3 Na5 11. Nxa5 Qxa5 12. O-O Rd8 13. Qe2 d5 14. exd5 Nxd5 15. Nxd5 Bxd5 16. c4 Bxf3 17. Qxf3 Qc7 18. c5 O-O 19. Rac1 Bg5 20. Rfe1 Bxe3 21. Rxe3 Rd4 22. a3 a5 23. h3 a4 24. b4 axb3 25. Rxb3 e4 26. Qf5 Rfd8 27. Rb4 R8d5 28. Rxd4 Rxd4 29. Rc3 Qc6 30. Re3 Rc4 31. Kg2 Rxc5 32. Qxe4 Qxe4+ 33. Rxe4 Ra5 34. Rb4 1/2-1/2

[Event "European Women-ch 2023"]
[Site "Petrovac"]
[Date "2023.03.26"]
[Round "8.2"]
[White "Tsotsonava, Elene"]
[Black "Zherebtsova, Alexandra"]
[Result "0-1"]
[WhiteElo "2030"]
[BlackElo "2155"]
[Annotator "TA"]
[PlyCount "158"]
[EventDate "2023.03.15"]
[EventType "swiss"]
[EventCountry "MNE"]
[SourceTitle "playchess.com"]
[Source "ChessBase"]
[SourceQuality "1"]

1. e4 c5 2. Nf3 Nc6 3. Bb5 g6 4. O-O Bg7 5. Re1 e5 6. Bxc6 dxc6 7. a4 Qe7 8. d3 Nf6 9. Na3 Nd7 10. Nc4 O-O 11. a5 Rd8 12. Be3 Nf8 13. h3 f6 14. Qb1 Be6 15. Ra4 Bf7 16. Nfd2 Ne6 17. b4 Rd7 18. bxc5 Nxc5 19. Rb4 Na6 20. Rb3 Bf8 21. Qb2 Nb4 22. f4 exf4 23. Bxf4 c5 24. Rf1 Bg7 25. d4 Bxc4 26. Nxc4 Qxe4 27. Nd6 Qc6 28. dxc5 f5 29. Qb1 Nd5 30. Rxb7 Nxf4 31. Qb3+ Kh8 32. Rb8+ Bf8 33. Qc3+ Kg8 34. Qc4+ Kg7 35. Ne8+ Kh6 36. Qxf4+ g5 37. Qxf5 Qxc5+ 38. Kh2 Qxf5 39. Rxf5 Rxb8 40. Rf6+ Kh5 41. Rxf8 Rdd8 42. Rf6 g4 43. Nd6 Rg8 44. Ne4 Rb4 45. Ng3+ Kg5 46. Rf7 gxh3 47. gxh3 Rc4 48. c3 Kg6 49. Rxa7 Rxc3 50. Ne4 Re3 51. Nf2 Rc8 52. Ra6+ Kg7 53. Ra7+ Kg8 54. Ra6 Rc2 55. Rf6 Kg7 56. Rf4 Ra3 57. Kg2 Rxa5 58. Kg3 Rca2 59. Ne4 R5a3+ 60. Kh4 Rg2 61. Ng5 Ra6 62. Nf7 Rf6 63. Rxf6 Kxf6 64. Ng5 Kg7 65. Nf3 Kg6 66. Ng5 Ra2 67. Nf3 Ra4+ 68. Kg3 Kh5 69. h4 Rb4 70. Kh3 Rb3 71. Kg3 Kg6 72. Kf4 Rb4+ 73. Ke5 Kh5 74. Kf5 Ra4 75. Ng5 h6 76. Nf3 Rb4 77. Ne1 Kxh4 78. Kg6 h5 79. Nf3+ Kg3 0-1

[Event "European Women-ch 2023"]
[Site "Petrovac"]
[Date "2023.03.26"]
[Round "8.3"]
[White "Khotenashvili, Bela"]
[Black "Socko, Monika"]
[Result "1-0"]
[WhiteElo "2491"]
[BlackElo "2432"]
[Annotator "TA"]
[PlyCount "73"]
[EventDate "2023.03.15"]
[EventType "swiss"]
[EventCountry "MNE"]
[SourceTitle "playchess.com"]
[Source "ChessBase"]
[SourceQuality "1"]

1. d4 Nf6 2. c4 e6 3. Nf3 d5 4. Nc3 Bb4 5. Qa4+ Nc6 6. e3 O-O 7. Bd2 Re8 8. a3 Bxc3 9. Bxc3 Ne4 10. Qc2 Nxc3 11. Qxc3 a6 12. Rc1 Bd7 13. h3 Qf6 14. Be2 dxc4 15. Bxc4 e5 16. d5 Nd4 17. Nd2 Qg6 18. Bd3 Qxg2 19. Be4 Qg5 20. h4 Qh6 21. exd4 exd4 22. Qxd4 Rxe4+ 23. Qxe4 Re8 24. Qxe8+ Bxe8 25. Rxc7 Kf8 26. Rh3 Bb5 27. Re3 g5 28. Rf3 Be8 29. Rc8 gxh4 30. Re3 h3 31. Rcxe8+ Kg7 32. Ne4 Qh4 33. Rg3+ Kh6 34. Nd6 Qh5 35. Re7 h2 36. Nxf7+ Qxf7 37. Rh3+ 1-0

[Event "European Women-ch 2023"]
[Site "Petrovac"]
[Date "2023.03.26"]
[Round "8.3"]
[White "Brunello, Marina"]
[Black "Jarocka, Liwia"]
[Result "1/2-1/2"]
[WhiteElo "2346"]
[BlackElo "2181"]
[Annotator "TA"]
[PlyCount "114"]
[EventDate "2023.03.15"]
[EventType "swiss"]
[EventCountry "MNE"]
[SourceTitle "playchess.com"]
[Source "ChessBase"]
[SourceQuality "1"]

1. e4 e5 2. Nf3 Nc6 3. Bc4 Nf6 4. d3 h6 5. O-O d6 6. c3 g5 7. Bb3 Bg7 8. Nbd2 Qe7 9. Nc4 Be6 10. Ne3 Qd7 11. Ba4 a6 12. d4 b5 13. Bc2 d5 14. exd5 Nxd5 15. Nxd5 Bxd5 16. Nxe5 Nxe5 17. dxe5 O-O-O 18. Bb3 Bxe5 19. Bxd5 Qxd5 20. Qg4+ Kb7 21. a4 f5 22. Qb4 c6 23. axb5 cxb5 24. Be3 Bc7 25. Bd4 Rhe8 26. Rfe1 Re6 27. Rxe6 Qxe6 28. g3 f4 29. Qc5 Bb8 30. Qa3 Re8 31. c4 bxc4 32. Qb4+ Ka8 33. Qb5 Qe1+ 34. Kg2 f3+ 35. Kh3 g4+ 36. Kh4 Qe7+ 37. Kh5 Qf7+ 38. Kh4 Qe7+ 39. Kxg4 h5+ 40. Qxh5 Qd7+ 41. Kxf3 Qc6+ 42. Kg4 Re4+ 43. f4 Rxd4 44. Ra5 Rd6 45. Qf7 Qc8+ 46. Rf5 Rd7 47. Qf6 Rd5 48. Kg5 Rd6 49. Qe7 Qg8+ 50. Kh4 Re6 51. Qd7 Rd6 52. Qe7 Qh8+ 53. Rh5 Qxb2 54. Qe4+ Qb7 55. Qxc4 Qg2 56. Kg4 Rg6+ 57. Rg5 Rd6 1/2-1/2

[Event "European Women-ch 2023"]
[Site "Petrovac"]
[Date "2023.03.26"]
[Round "8.3"]
[White "Ivekovic, Tihana"]
[Black "Vidic, Teja"]
[Result "1-0"]
[WhiteElo "2132"]
[BlackElo "2097"]
[Annotator "TA"]
[PlyCount "119"]
[EventDate "2023.03.15"]
[EventType "swiss"]
[EventCountry "MNE"]
[SourceTitle "playchess.com"]
[Source "ChessBase"]
[SourceQuality "1"]

1. d4 Nf6 2. c4 e6 3. Nf3 d5 4. g3 dxc4 5. Bg2 a6 6. O-O Nc6 7. Nbd2 b5 8. Ne5 Nxe5 9. Bxa8 Qxd4 10. a4 b4 11. Nf3 Qa7 12. Nxe5 Qxa8 13. Nxc4 h5 14. h4 Qe4 15. Qd3 Qg4 16. Ne5 Qh3 17. Qf3 Bd6 18. Nc4 Bc5 19. Be3 Ng4 20. Qc6+ Kd8 21. Rfd1+ Bd6 22. Qg2 Qxg2+ 23. Kxg2 Bb7+ 24. Kf1 Nxe3+ 25. fxe3 Kd7 26. Rd4 Rb8 27. Rad1 Bd5 28. Nxd6 cxd6 29. e4 Bb3 30. Rxd6+ Ke7 31. R1d2 Bxa4 32. Rxa6 Bb5 33. Ra7+ Kf6 34. Kf2 Bc4 35. e5+ Kxe5 36. Rxf7 g6 37. Rg7 Kf6 38. Rdd7 Rf8 39. Ke3 e5 40. Rb7 Bf7 41. Rh7 b3 42. Rb6+ Kf5 43. Rg7 Be6 44. Rc7 Bg8 45. Rc1 Ra8 46. Rf1+ Kg4 47. Rxg6+ Kh3 48. Rg5 Bh7 49. Rxh5 Bc2 50. Rxe5 Ra2 51. Kd4 Rxb2 52. Kc3 Ra2 53. Rb5 Kxg3 54. h5 Ra6 55. Rg5+ Kh2 56. e4 Rc6+ 57. Kb2 Bxe4 58. Rf4 Bg2 59. Rh4+ Bh3 60. h6 1-0

[Event "European Women-ch 2023"]
[Site "Petrovac"]
[Date "2023.03.26"]
[Round "8.4"]
[White "Gunina, Valentina"]
[Black "Koridze, Lile"]
[Result "1-0"]
[WhiteElo "2478"]
[BlackElo "2122"]
[Annotator "TA"]
[PlyCount "60"]
[EventDate "2023.03.15"]
[EventType "swiss"]
[EventCountry "MNE"]
[SourceTitle "playchess.com"]
[Source "ChessBase"]
[SourceQuality "1"]

1. d4 Nf6 2. c4 e6 3. Nf3 d5 4. Nc3 Bb4 5. cxd5 exd5 6. Bg5 h6 7. Bh4 c5 8. dxc5 Nc6 9. e3 g5 10. Bg3 Ne4 11. Rc1 Qf6 12. Nd4 O-O 13. Be2 Nxc3 14. bxc3 Bxc5 15. h4 Re8 16. hxg5 hxg5 17. Rh5 Nxd4 18. cxd4 Bb4+ 19. Kf1 Qg6 20. Qb3 a5 21. Qxd5 Be6 22. Qxg5 Rac8 23. Ra1 Qxg5 24. Rxg5+ Kf8 25. a3 f6 26. Rh5 Bc3 27. Rb1 b6 28. Rh8+ Bg8 29. Ba6 Rcd8 30. Bc4 Ke7 1-0

[Event "European Women-ch 2023"]
[Site "Petrovac"]
[Date "2023.03.26"]
[Round "8.4"]
[White "Sargsyan, Anna M."]
[Black "Bulmaga, Irina"]
[Result "1-0"]
[WhiteElo "2371"]
[BlackElo "2438"]
[Annotator "TA"]
[PlyCount "100"]
[EventDate "2023.03.15"]
[EventType "swiss"]
[EventCountry "MNE"]
[SourceTitle "playchess.com"]
[Source "ChessBase"]
[SourceQuality "1"]

1. e4 e5 2. Nf3 Nc6 3. Bc4 Nf6 4. d3 Bc5 5. c3 d6 6. O-O h6 7. Re1 a5 8. d4 Bb6 9. Bb5 Bd7 10. Na3 O-O 11. Nc4 Ba7 12. Bxc6 Bxc6 13. dxe5 Ng4 14. Be3 Nxe3 15. Nxe3 dxe5 16. Nxe5 Bxe4 17. Qa4 Bh7 18. Rad1 Qg5 19. Rd5 Bxe3 20. Rxe3 Qf5 21. h4 Qb1+ 22. Kh2 Bf5 23. Rg3 Rad8 24. Nc6 Rde8 25. Qd4 g6 26. Ne5 Qe4 27. h5 c6 28. hxg6 fxg6 29. Nxg6 Bxg6 30. Rd7 Qxd4 31. Rxg6+ Kh8 32. Rxh6+ Kg8 33. Rg6+ Kh8 34. Rxd4 Re7 35. Kg3 Kh7 36. Rg5 Rf6 37. Rh4+ Rh6 38. Rxh6+ Kxh6 39. Rxa5 Re2 40. b3 Kg6 41. Ra7 Re7 42. a4 Kf5 43. a5 Re5 44. b4 Rd5 45. Rxb7 Rd3+ 46. f3 Rxc3 47. a6 Ke5 48. b5 c5 49. a7 Ra3 50. b6 Kd5 1-0

[Event "European Women-ch 2023"]
[Site "Petrovac"]
[Date "2023.03.26"]
[Round "8.4"]
[White "Ismayil, Malak"]
[Black "Spalir, Monika"]
[Result "1/2-1/2"]
[WhiteElo "2011"]
[BlackElo "2125"]
[Annotator "TA"]
[PlyCount "94"]
[EventDate "2023.03.15"]
[EventType "swiss"]
[EventCountry "MNE"]
[SourceTitle "playchess.com"]
[Source "ChessBase"]
[SourceQuality "1"]

1. e4 e5 2. Nf3 Nc6 3. Bc4 Bc5 4. Nc3 Nf6 5. d3 d6 6. h3 h6 7. O-O Be6 8. Bb5 O-O 9. Be3 Bxe3 10. fxe3 Ne7 11. d4 Ng6 12. a4 a5 13. Qe1 c6 14. Bd3 Qb6 15. Rb1 Rae8 16. Kh1 Bd7 17. Qf2 d5 18. Nd2 dxe4 19. Ncxe4 Nxe4 20. Nxe4 Qc7 21. Qg3 Be6 22. Nc5 Bc8 23. Bxg6 fxg6 24. Nd3 Bf5 25. Nxe5 Bxc2 26. Rbc1 Bxa4 27. Qxg6 Qe7 28. Rxf8+ Rxf8 29. Qd3 Qe6 30. Qa3 Bb3 31. Re1 Rf2 32. Qxa5 Qf5 33. Qd8+ Kh7 34. Qh4 Rxb2 35. e4 Qf2 36. Qxf2 Rxf2 37. Nd3 Rf7 38. Kg1 Kg8 39. Nc5 Bc4 40. Rb1 b5 41. Ra1 Rf8 42. Ra6 Rf1+ 43. Kh2 Rd1 44. Rxc6 Rxd4 45. Rc7 Rd2 46. Kg1 Re2 47. Rb7 Kh7 1/2-1/2

[Event "European Women-ch 2023"]
[Site "Petrovac"]
[Date "2023.03.26"]
[Round "8.5"]
[White "Melia, Salome"]
[Black "Danielian, Elina"]
[Result "1/2-1/2"]
[WhiteElo "2366"]
[BlackElo "2431"]
[Annotator "TA"]
[PlyCount "41"]
[EventDate "2023.03.15"]
[EventType "swiss"]
[EventCountry "MNE"]
[SourceTitle "playchess.com"]
[Source "ChessBase"]
[SourceQuality "1"]

1. e4 c5 2. Nf3 e6 3. d4 cxd4 4. Nxd4 Nc6 5. Nc3 Nf6 6. Ndb5 Bb4 7. a3 Bxc3+ 8. Nxc3 d5 9. exd5 exd5 10. Bd3 O-O 11. O-O d4 12. Ne2 Bg4 13. Bg5 Re8 14. f3 Bh5 15. Qd2 Bg6 16. Rad1 Rc8 17. Kh1 Qd6 18. Bb5 Bxc2 19. Qxc2 Qe5 20. Bxf6 Qxb5 21. Nc3 1/2-1/2

[Event "European Women-ch 2023"]
[Site "Petrovac"]
[Date "2023.03.26"]
[Round "8.5"]
[White "Olde, Margareth"]
[Black "Mammadzada, Gunay"]
[Result "1/2-1/2"]
[WhiteElo "2234"]
[BlackElo "2472"]
[Annotator "TA"]
[PlyCount "122"]
[EventDate "2023.03.15"]
[EventType "swiss"]
[EventCountry "MNE"]
[SourceTitle "playchess.com"]
[Source "ChessBase"]
[SourceQuality "1"]

1. d4 d5 2. Nf3 Nf6 3. c4 c6 4. e3 Bf5 5. Nc3 e6 6. Nh4 Be4 7. f3 Bg6 8. Qb3 Qc7 9. Bd2 Be7 10. g3 O-O 11. Nxg6 hxg6 12. g4 g5 13. O-O-O c5 14. Kb1 cxd4 15. exd4 Nc6 16. Nb5 Qd8 17. Bxg5 Na5 18. Qa4 a6 19. Na3 Nxc4 20. Bxc4 b5 21. Bxb5 axb5 22. Qb3 Bxa3 23. bxa3 Ra4 24. Rd3 Qa8 25. Bxf6 gxf6 26. Ka1 Rb8 27. Rb1 b4 28. Qb2 Kg7 29. f4 Qa6 30. Qd2 Rc8 31. Rxb4 Rxa3 32. Rxa3 Qxa3 33. Rb1 Qa4 34. Qb4 Qa7 35. Qb6 Qa4 36. Qb4 Qc2 37. g5 fxg5 38. fxg5 Rc4 39. Qe1 Kg6 40. h4 Rxd4 41. h5+ Kxh5 42. Qe3 Qd3 43. Rh1+ Kg4 44. Qe1 Kf5 45. g6 Kxg6 46. Rg1+ Kf6 47. Qa5 Qd2 48. Rf1+ Ke5 49. Re1+ Kf5 50. Rf1+ Ke4 51. Qa3 Qd3 52. Qc1 e5 53. Re1+ Kf5 54. Qc8+ Kf4 55. Qc6 Kg3 56. Qc8 Rc4 57. Qg8+ Kf3 58. Qxf7+ Rf4 59. Qh5+ Kf2 60. Qxe5 Qd4+ 61. Qxd4+ Rxd4 1/2-1/2

[Event "European Women-ch 2023"]
[Site "Petrovac"]
[Date "2023.03.26"]
[Round "8.5"]
[White "Allahverdiyeva, Ayan"]
[Black "Abdinova, Narmin"]
[Result "1/2-1/2"]
[WhiteElo "2124"]
[BlackElo "2090"]
[Annotator "TA"]
[PlyCount "41"]
[EventDate "2023.03.15"]
[EventType "swiss"]
[EventCountry "MNE"]
[SourceTitle "playchess.com"]
[Source "ChessBase"]
[SourceQuality "1"]

1. e4 d5 2. exd5 Nf6 3. d4 Bg4 4. Nf3 Qxd5 5. Be2 Nc6 6. h3 Bxf3 7. Bxf3 Qe6+ 8. Be3 O-O-O 9. O-O g5 10. c4 h5 11. Qa4 Qd6 12. Bxc6 Qxc6 13. Qxa7 g4 14. Nc3 gxh3 15. d5 Qxc4 16. Qa8+ Kd7 17. Qxb7 Qg4 18. Qc6+ Kc8 19. Qa8+ Kd7 20. Qc6+ Kc8 21. Qa8+ 1/2-1/2

[Event "European Women-ch 2023"]
[Site "Petrovac"]
[Date "2023.03.26"]
[Round "8.6"]
[White "Javakhishvili, Lela"]
[Black "Radeva, Viktoria"]
[Result "1-0"]
[WhiteElo "2443"]
[BlackElo "2247"]
[Annotator "TA"]
[PlyCount "85"]
[EventDate "2023.03.15"]
[EventType "swiss"]
[EventCountry "MNE"]
[SourceTitle "playchess.com"]
[Source "ChessBase"]
[SourceQuality "1"]

1. d4 d5 2. Nf3 Nf6 3. g3 Bf5 4. c4 e6 5. Nc3 c6 6. Nh4 Bg6 7. Qb3 Qb6 8. c5 Qxb3 9. axb3 Be7 10. Nxg6 hxg6 11. b4 O-O 12. e3 a6 13. b5 cxb5 14. Bxb5 Nc6 15. Bxc6 bxc6 16. Bd2 Rfb8 17. Ra2 Nd7 18. Ke2 Rb3 19. Rha1 Nb8 20. Kd1 Ra7 21. Kc2 Rab7 22. Ne2 Bd8 23. Nc1 R3b5 24. Nd3 f6 25. h4 Bc7 26. Bc3 Kf7 27. Ra4 Ke7 28. g4 Bd8 29. f3 Bc7 30. e4 Kf7 31. g5 Bg3 32. Rh1 Rd7 33. exd5 Rxd5 34. f4 e5 35. dxe5 Nd7 36. e6+ Kxe6 37. Re4+ Kf5 38. Re3 Bxf4 39. Rf1 fxg5 40. hxg5 Kxg5 41. Nxf4 Rf5 42. Ne6+ Kh4 43. Be1+ 1-0

[Event "European Women-ch 2023"]
[Site "Petrovac"]
[Date "2023.03.26"]
[Round "8.6"]
[White "Bivol, Alina"]
[Black "Wagner, Dinara"]
[Result "1/2-1/2"]
[WhiteElo "2365"]
[BlackElo "2411"]
[Annotator "TA"]
[PlyCount "67"]
[EventDate "2023.03.15"]
[EventType "swiss"]
[EventCountry "MNE"]
[SourceTitle "playchess.com"]
[Source "ChessBase"]
[SourceQuality "1"]

1. e4 c5 2. Nf3 d6 3. Bb5+ Bd7 4. c4 Nc6 5. Nc3 e5 6. d3 Nge7 7. a3 Ng6 8. b4 Be7 9. Bxc6 Bxc6 10. Nd5 h6 11. g3 cxb4 12. axb4 O-O 13. Ne3 b5 14. cxb5 Bxb5 15. h4 Re8 16. h5 Nf8 17. Nh4 Bg5 18. Nhf5 Ne6 19. Nd5 Bc6 20. O-O Bxc1 21. Rxc1 Bxd5 22. exd5 Nd4 23. Qg4 Qf6 24. Nxd4 exd4 25. Rfe1 Re5 26. Rxe5 Qxe5 27. Qf3 Re8 28. Rc7 Re7 29. Rc8+ Re8 30. Rc6 Re7 31. Kg2 Kf8 32. Rc8+ Re8 33. Rc7 Re7 34. Rc8+ 1/2-1/2

[Event "European Women-ch 2023"]
[Site "Petrovac"]
[Date "2023.03.26"]
[Round "8.6"]
[White "Silva, Ana Ines Teixeira Da"]
[Black "Petrova, Irina"]
[Result "0-1"]
[WhiteElo "1792"]
[BlackElo "2123"]
[Annotator "TA"]
[PlyCount "72"]
[EventDate "2023.03.15"]
[EventType "swiss"]
[EventCountry "MNE"]
[SourceTitle "playchess.com"]
[Source "ChessBase"]
[SourceQuality "1"]

1. e4 g6 2. d4 Bg7 3. Nc3 a6 4. Be3 d6 5. f4 b5 6. a3 Bb7 7. Bd3 Nd7 8. Nf3 e6 9. Qd2 Ne7 10. O-O c5 11. f5 exf5 12. exf5 c4 13. fxg6 hxg6 14. Ng5 Nf6 15. Be4 d5 16. Bf3 Nf5 17. Bf4 Ne4 18. Bxe4 Bxd4+ 19. Kh1 dxe4 20. Ncxe4 O-O 21. Nd6 Nxd6 22. Qxd4 Nf5 23. Qc3 f6 24. Rad1 fxg5 25. Rxd8 Raxd8 26. Qe1 gxf4 27. Qe6+ Kh7 28. Qe1 g5 29. b3 Ne3 30. Rg1 Bxg2+ 31. Rxg2 Rd1 32. Qxd1 Nxd1 33. Rxg5 f3 34. Rd5 Ne3 35. Rd7+ Kh8 36. bxc4 f2 0-1